Statistics for Most dangerous animals

Click here to take the quiz!

General Stats

  • This quiz has been taken 24 times
  • The average score is 4 of 10

Answer Stats

LocationAnswer% Correct
EgyptCrocodile
71%
United StatesMosquito
71%
United StatesShark
67%
KarnatakaSnake
63%
AfricaElephant
54%
Sub-sahara AfricaHippopotamus
25%
First-world countriesWolf
21%
Fresh waterFreshwater snail
8%
AfricaTsetse fly
8%
Central and south America and MexicoKissing bugs
0%

Score Distribution

Percentile by Number Answered

Percent of People with Each Score

Your Score History

You have not taken this quiz